Land problems of the New Zealand settlers of the 'forties /

Saved in:
Bibliographic Details
Main Author: Wilson, Ethel Wilson
Format: Book
Language:English
Published: Dunedin : A.H. and A.W. Reed, 1936.
Subjects:
LEADER 00904nam a2200253 i 4500
001 c000256383
003 CARM
005 00000000000000.0
008 850904s1936 nz a 001 0 eng d
019 1 |a 6886537  |5 LACONCORD2021 
035 |a (OCoLC)33204380  |5 LACONCORD2021 
043 |a u-nz--- 
045 |a w4w4 
082 0 4 |a 333.00993102 
100 1 |a Wilson, Ethel Wilson. 
245 1 0 |a Land problems of the New Zealand settlers of the 'forties /  |c by E. Wilson Wilson. 
260 |a Dunedin :  |b A.H. and A.W. Reed,  |c 1936. 
300 |a 256 p. 
504 |a Bibliography: p.241-249. 
650 0 |a Land use  |z New Zealand. 
650 0 |a Land settlement  |z New Zealand. 
852 8 |b CARM  |h A2:AQ12A0  |i A04127  |p 0360152  |f BK 
999 f f |i 5669447a-b03f-5014-a0bf-df9e1f3568e0  |s 7bc4957d-6146-5770-8221-411e57e6b284 
952 f f |p Can circulate  |a CAVAL  |b CAVAL  |c CAVAL  |d CARM 1 Store  |e A04127  |f A2:AQ12A0  |h Other scheme  |i book  |m 0360152